A grammer of politics / (Record no. 178992)
[ view plain ]
| 000 -LEADER | |
|---|---|
| fixed length control field | 00692nam a22001937a 4500 |
| 005 - DATE AND TIME OF LATEST TRANSACTION | |
| control field | 20210506121717.0 |
| 010 ## - LCCN (DPL NO) | |
| LC control number | B-739905 |
| 020 ## - INTERNATIONAL STANDARD BOOK NUMBER | |
| International Standard Book Number | 9788179753453 |
| Terms of availability | 250.00 |
| 035 ## - SYSTEM CONTROL NUMBER | |
| System control number | B-739905 |
| 037 ## - SOURCE OF ACQUISITION | |
| Source of stock number/acquisition | Gift |
| 082 ## - DEWEY DECIMAL CLASSIFICATION NUMBER | |
| Classification number | 323.5 |
| 100 ## - MAIN ENTRY--PERSONAL NAME | |
| Personal name | Laski, Harold J. |
| 245 ## - TITLE STATEMENT | |
| Title | A grammer of politics / |
| Statement of responsibility, etc | by Harold J. Laski |
| 260 ## - PUBLICATION, DISTRIBUTION, ETC. (IMPRINT) | |
| Place of publication, distribution, etc | New Delhi |
| Name of publisher, distributor, etc | Anamika Publishers & Distributors |
| Date of publication, distribution, etc | 2010 |
| 270 ## - ADDRESS | |
| Address | 4697/3, 21A, Ansari Road, Daryaganj |
| City | New Delhi |
| Postal code | 110002 |
| 300 ## - PHYSICAL DESCRIPTION | |
| Extent | 552p. |
| Dimensions | 22cm(pbk) |
| 942 ## - ADDED ENTRY ELEMENTS (KOHA) | |
| Source of classification or shelving scheme | Dewey Decimal Classification |
| Item type | English Books |
| Classification part | 323.5 |
| Call number suffix | LAS |
| Withdrawn status | Lost status | Not for loan | Collection code | Home library | Current library | Date acquired | Source of acquisition | Cost, normal purchase price | Full call number | Barcode | Copy number | Cost, replacement price | Koha item type | Public note |
|---|---|---|---|---|---|---|---|---|---|---|---|---|---|---|
| Non-fiction | Ashok Vihar | Ashok Vihar | 06/05/2021 | Gift/Eng/03-05-2021 | 250.00 | 323.5 LAS | B-739905 | 1 | 250.00 | English Books | Gift |
